| 000 | 00672nam a2200181Ia 4500 | ||
|---|---|---|---|
| 008 | 160319s9999 xx 000 0 und d | ||
| 245 | _aPeople power [videorecording] : | ||
| 245 | _bthe Philippine experience / | ||
| 245 | _cproduced by Communication Foundation for Asia, Electronic Media Division ; directed by the Filipino people ; executive producer, Fr. Fil Pelingon ; producer, Eddie Naval. | ||
| 260 | _aManila : | ||
| 260 | _bCommunication Foundation of Asia. | ||
| 260 | _c1986 | ||
| 300 | _a1 videodisc : | ||
| 300 | _bsound, color with b&w sequences ; | ||
| 300 | _c4 3/4 in. | ||
| 650 | _aPhilippines -- | ||
| 650 | _xHistory -- Revolution, 1986. | ||
| 999 |
_c292505 _d292505 |
||